000 00447nam a2200133Ia 4500
008 191129s9999 xx 000 0 und d
020 _a4806523174916
100 _aBonifacio, Joey
245 _cJoey Bonifacio
_aThe Values-driven heart:
_bweighing in on what really matters/
260 _aManila:
_bChurch Strengthening Ministry, Inc.
_c2016
300 _a153 p. ;
_bcol. ill. :
_c18 cm.
650 _aInspiration
650 _aMotivation (Psychology)
999 _c362763
_d362763